| 000 | 01152nam a22002777a 4500 | ||
|---|---|---|---|
| 003 | OSt | ||
| 005 | 20251027194304.0 | ||
| 008 | 240205b ||||| |||| 00| 0 eng d | ||
| 040 | _c0 | ||
| 082 | _aDPer 621.317 Ie21 January 2022 v. 37 n. 1 | ||
| 100 |
_aShi, Ke. _eauthor. _951406 |
||
| 245 |
_aPower fluctuation suppression method for EV dynamic wireless charging system based on integrated magnetic coupler / _cKe Shi, Chunsen Tang, Hao Long, Xingchu Lv, Zhihui Wang, and Xiaofei Li. |
||
| 260 |
_aNew York ; _bThe Institute of Electrical and Electronics Engineers, Inc. , _cJanuary 2022. |
||
| 300 |
_aVolume 37, pages 1118-1131 : _billustration ; _c28 cm. |
||
| 500 | _aIEEE Transactions on Power Electronics, v. 37 n. 1, pages 1118-1131, January 2022. | ||
| 650 | 0 |
_aCouplings. _965918 |
|
| 650 | 0 |
_aPower generation. _965916 |
|
| 650 | 0 |
_aInductors. _965801 |
|
| 700 |
_aShi, Ke. _eauthor. _951406 |
||
| 700 |
_aTang, Chunsen. _eauthor. _951407 |
||
| 700 |
_aLong, Hao. _eauthor. _951408 |
||
| 700 |
_aLv, Xingchu. _eauthor. _951409 |
||
| 700 |
_aWang, Zhihui. _eauthor. _951410 |
||
| 700 |
_aLi, Xiaofei. _eauthor. _951411 |
||
| 942 |
_2ddc _cPER |
||
| 999 |
_c18917 _d18917 |
||